The cancer ward (Record no. 534028)
[ view plain ]
| 000 -LEADER | |
|---|---|
| fixed length control field | 01081cam a22003371 4500 |
| 001 - CONTROL NUMBER | |
| control field | 2177256 |
| 003 - CONTROL NUMBER IDENTIFIER | |
| control field | Nust |
| 005 - DATE AND TIME OF LATEST TRANSACTION | |
| control field | 20200128153014.0 |
| 008 - FIXED-LENGTH DATA ELEMENTS--GENERAL INFORMATION | |
| fixed length control field | 681211s1968 nyu 000 1 eng |
| 010 ## - LIBRARY OF CONGRESS CONTROL NUMBER | |
| LC control number | 68058411 |
| 020 ## - INTERNATIONAL STANDARD BOOK NUMBER | |
| International Standard Book Number | 9780099575511 |
| 038 ## - RECORD CONTENT LICENSOR | |
| Staff Name | MSOHAIL |
| 040 ## - CATALOGING SOURCE | |
| Original cataloging agency | DLC |
| Transcribing agency | DLC |
| Modifying agency | DLC |
| -- | OCoLC |
| -- | DLC |
| 041 1# - LANGUAGE CODE | |
| Language code of text/sound track or separate title | eng |
| Language code of original | rus |
| 043 ## - GEOGRAPHIC AREA CODE | |
| Geographic area code | e-ur--- |
| 050 00 - LIBRARY OF CONGRESS CALL NUMBER | |
| Classification number | PZ4.S69 |
| Item number | Can |
| Classification number | PG3488.O4 |
| 082 00 - DEWEY DECIMAL CLASSIFICATION NUMBER | |
| Classification number | 891.7344 |
| Author Mark | SOL |
| 100 1# - MAIN ENTRY--PERSONAL NAME | |
| Personal name | Solzhenit︠s︡yn, Aleksandr Isaevich, |
| Dates associated with a name | 1918-2008. |
| 9 (RLIN) | 28139 |
| 240 10 - UNIFORM TITLE | |
| Uniform title | Rakovyĭ korpus. |
| Language of a work | English |
| 245 14 - TITLE STATEMENT | |
| Title | The cancer ward |
| Statement of responsibility, etc. | [by] Aleksandr I. Solzhenitsyn. Translated from the Russian by Rebecca Frank. |
| 260 ## - PUBLICATION, DISTRIBUTION, ETC. | |
| Place of publication, distribution, etc. | New York, |
| Name of publisher, distributor, etc. | Dial Press, |
| Date of publication, distribution, etc. | 1968. |
| 300 ## - PHYSICAL DESCRIPTION | |
| Extent | 569 p. |
| Dimensions | 24 cm. |
| 350 ## - PRICE (NR) (BK AM CF MU VM SE) [OBSOLETE] | |
| Price | $8.50 |
| 500 ## - GENERAL NOTE | |
| General note | Translation of Rakovyĭ korpus (romanized form) |
| 650 #0 - SUBJECT ADDED ENTRY--TOPICAL TERM | |
| Topical term or geographic name entry element | Cancer |
| General subdivision | Patients |
| Form subdivision | Fiction. |
| 9 (RLIN) | 28140 |
| 651 #0 - SUBJECT ADDED ENTRY--GEOGRAPHIC NAME | |
| Geographic name | Soviet Union |
| Form subdivision | Fiction. |
| 9 (RLIN) | 28141 |
| 655 #7 - INDEX TERM--GENRE/FORM | |
| Genre/form data or focus term | Political fiction. |
| Source of term | lcsh |
| 9 (RLIN) | 1074 |
| 655 #7 - INDEX TERM--GENRE/FORM | |
| Genre/form data or focus term | Medical novels. |
| Source of term | gsafd |
| 9 (RLIN) | 11124 |
| 906 ## - LOCAL DATA ELEMENT F, LDF (RLIN) | |
| a | 7 |
| b | cbc |
| c | orignew |
| d | u |
| e | ncip |
| f | 19 |
| g | y-gencatlg |
| 942 ## - ADDED ENTRY ELEMENTS (KOHA) | |
| Source of classification or shelving scheme | |
| Koha item type | Book |
| Withdrawn status | Lost status | Source of classification or shelving scheme | Damaged status | Not for loan | Permanent Location | Current Location | Date acquired | Total Checkouts | Full call number | Barcode | Date last seen | Price effective from | Koha item type |
|---|---|---|---|---|---|---|---|---|---|---|---|---|---|
| School of Civil and Environmental Engineering (SCEE) | School of Civil and Environmental Engineering (SCEE) | 01/28/2020 | 891.7344 SOL | NIT-9524 | 06/21/2021 | 01/28/2020 | Book |
